Cascabel /
Gorde:
| Egile nagusia: | |
|---|---|
| Beste egile batzuk: | , , , , , , , |
| Formatua: | |
| Hizkuntza: | gaztelania |
| Argitaratua: |
México :
CONACINE,
1976, c1976
|
| Saila: | (Colección IMCINE)
|
| Gaiak: | |
| Etiketak: |
Etiketarik gabe, Izan zaitez lehena erregistro honi etiketa jartzen!
|
MARC
| LEADER | 00000ngm^a2200000^a^4500 | ||
|---|---|---|---|
| 001 | 000262654 | ||
| 005 | 20250521000000.0 | ||
| 009 | 20260310110550.137 | ||
| 037 | |a Acervo ITESO - Biblioteca | ||
| 041 | |a ESP | ||
| 082 | |a 860. |b ARA | ||
| 100 | |a Araiza, Raúl |e (realización) | ||
| 240 | 1 | 1 | |a [Cascabel, de Raúl Araiza] |
| 245 | 1 | 0 | |a Cascabel / |c Realización de R. Araiza. |
| 264 | 4 | |a México : |b CONACINE, |c 1976, c1976 | |
| 264 | 2 | |a México : |b Instituto Mexicano de Cinematografía [distribución], |c copyright fecha no identificada | |
| 300 | |a 1 DVD sin dato de región (104 min.) : |b color | ||
| 336 | |a imagen móvil bidimensional |b tdi |2 rdacontenido | ||
| 337 | |a video |b v |2 rdamedio | ||
| 338 | |a videodisco |b vd |2 rdasoporte | ||
| 440 | 1 | |a (Colección IMCINE) | |
| 546 | |a En español, con subtítulos opcionales: español, francés, inglés, portugués | ||
| 585 | |a Festival Internacional de Cine de Locarno (30°: 1977): Participante mexicana, sección oficial a concurso | ||
| 586 | |a Premio Ariel, de la Academia Mexicana de Cine (20°: 1978): Mejor Opera Prima (ganadora) | ||
| 586 | |a Mejores Películas del Cine Mexicano: Selección de Periodistas Cinematográficos de México (PECIME) (1965-1982) | ||
| 586 | |a Mejores Películas del Cine Mexicano: Encuesta del portal Sector Cine (2020): 73ª | ||
| 649 | |a XX | ||
| 650 | |a Cineastas en el Cine | ||
| 650 | |a Cineastas - |z México - |x Condiciones Sociales y Culturales | ||
| 650 | |a Lacandones - |x Condiciones Sociales y Culturales | ||
| 650 | |a Mayas - |z México - |x Condiciones Sociales y Culturales | ||
| 650 | |a Indígenas de México - |z Chiapas - |x Condiciones Sociales y Culturales | ||
| 650 | |a Medios de Comunicación y Estado - |z México - |x Historia - |y 1970-1976 | ||
| 650 | |a Cine Social y Político | ||
| 650 | |a Indigenismo en el Cine | ||
| 650 | |a Dramas Cinematográficos | ||
| 650 | |a Opera Prima | ||
| 650 | |a Cine en el Cine | ||
| 650 | |a Cine Mexicano - |y 1970-1979 | ||
| 650 | |a Cine Mexicano - |y Siglo XX | ||
| 650 | |a Manipulación Informativa - |z México - |x Historia - |y 1970-1976 | ||
| 650 | |a Política de Comunicación - |z México - |x Historia - |y 1970-1976 - |x Tema Principal | ||
| 650 | |a Política de Comunicación - |z México - |x Historia - |y Siglo XX | ||
| 650 | |a Libertad de Expresión - |z México - |x Historia - |y 1970-1976 | ||
| 650 | |a Censura - |z México - |x Historia - |y 1970-1976 | ||
| 650 | |a Comunicación y Política - |z México - |x Historia - |y 1970-1976 | ||
| 650 | |a Demagogia - |z México - |x Historia - |y 1970-1976 | ||
| 650 | |a Problemas Sociales - |z México - |x Historia - |y 1970-1976 | ||
| 650 | |a Chiapas en el Cine | ||
| 650 | |a México - |x Condiciones Políticas | ||
| 650 | |a Política - |z México - |x Historia - |y 1970-1976 | ||
| 650 | |a Política - |z México - |x Historia - |y Siglo XX | ||
| 700 | |a Patiño, Jorge |e (guión) | ||
| 700 | |a Monsell, Antonio |e (guión) | ||
| 700 | |a Araiza, Raúl |e (guión) | ||
| 700 | |a Solano, Rosalío |e (fotógrafo) | ||
| 700 | |a Portillo, Reynaldo |e (montaje) | ||
| 700 | |a Gómez Cruz, Ernesto |e (actuación) | ||
| 700 | |a Ramírez, Raúl |e (actuación) | ||
| 700 | |a Hernán, Aarón |e (actuación) | ||
| 910 | |a Fondo General | ||
| 920 | |a Audiovisuales - DVDs | ||
| 940 | |a Películas | ||
| 905 | |a 302 | ||
| 901 | |a 0500137347 |b IT2 |c DVS |u 20250521 | ||
| 902 | |a https://opac.biblio.iteso.mx/vufind/Record/000262654 | ||